[Event "British Chess Championship 2010"]
[Site "Canterbury ENG"]
[Date "2010.07.27"]
[Round "2.11"]
[White "Hawkins, Jonathan"]
[Black "Jones, Victor G L"]
[Result "1-0"]
[WhiteElo "2423"]
[BlackElo "2105"]
[PlyCount "83"]
[EventDate "2010.07.27"]
[EventType "swiss"]
[EventRounds "11"]
[EventCountry "ENG"]
[Source "lmi"]
[SourceDate "2010.07.25"]

1. e4 e6 2. d4 d5 3. Nd2 Nf6 4. e5 Nfd7 5. Bd3 c5 6. c3 Nc6 7. Ngf3 b6 8. O-O
Be7 9. Re1 Qc7 10. Nf1 a5 11. Bg5 Ba6 12. Bxe7 Nxe7 13. Ne3 Bxd3 14. Qxd3 Rc8
15. h4 h6 16. h5 a4 17. Nh4 a3 18. bxa3 cxd4 19. cxd4 Qc3 20. Rad1 Qxd3 21.
Rxd3 O-O 22. f4 Rc7 23. f5 Rfc8 24. Rb1 Rc1+ 25. Rxc1 Rxc1+ 26. Kh2 Kf8 27. g4
Re1 28. Nhg2 Re2 29. Kg3 Rxa2 30. Nf4 exf5 31. gxf5 Ra1 32. Nfxd5 Rc1 33. Nxe7
Kxe7 34. Nd5+ Ke8 35. Rc3 Rxc3+ 36. Nxc3 Nb8 37. Kf4 Kd7 38. Nd5 Kc6 39. f6
gxf6 40. Nxf6 b5 41. Ke4 Na6 42. Ng8 1-0

[Event "British Chess Championship 2010"]
[Site "Canterbury ENG"]
[Date "2010.07.27"]
[Round "2.12"]
[White "Clarke, Brandon G I"]
[Black "Constantinou, Peter"]
[Result "0-1"]
[WhiteElo "2097"]
[BlackElo "2302"]
[PlyCount "56"]
[EventDate "2010.07.27"]
[EventType "swiss"]
[EventRounds "11"]
[EventCountry "ENG"]
[Source "lmi"]
[SourceDate "2010.07.25"]

1. d4 d5 2. c4 c6 3. Nf3 Nf6 4. g3 Bf5 5. Bg2 e6 6. Qb3 Qb6 7. Nbd2 Nbd7 8. O-O
Be7 9. c5 Qc7 10. Qc3 a5 11. Nh4 Bg4 12. f3 Bh5 13. Bh1 g5 14. Ng2 e5 15. e3
Bg6 16. b3 h5 17. f4 gxf4 18. gxf4 exd4 19. exd4 Ne4 20. Qh3 Nxd2 21. Bxd2 Be4
22. f5 Bf6 23. Be3 O-O-O 24. a3 Rdg8 25. b4 Rg4 26. Rad1 Rhg8 27. Rd2 Rh4 28.
Qxh4 Bxh4 0-1

[Event "British Chess Championship 2010"]
[Site "Canterbury ENG"]
[Date "2010.07.27"]
[Round "2.13"]
[White "Jones, William E G"]
[Black "Slavin, Alexei"]
[Result "0-1"]
[WhiteElo "2091"]
[BlackElo "2417"]
[PlyCount "74"]
[EventDate "2010.07.27"]
[EventType "swiss"]
[EventRounds "11"]
[EventCountry "ENG"]
[Source "lmi"]
[SourceDate "2010.07.25"]

1. e4 c5 2. Nf3 Nc6 3. d4 cxd4 4. Nxd4 Nf6 5. Nc3 d6 6. Bg5 e6 7. Qd2 Be7 8.
O-O-O a6 9. Kb1 O-O 10. f4 Bd7 11. Be2 Rc8 12. h4 b5 13. Bf3 Qc7 14. Nce2 Rfd8
15. g4 e5 16. Nxc6 Qxc6 17. Bxf6 Bxf6 18. g5 Be7 19. f5 Bxf5 20. exf5 Qxf3 21.
Rdf1 Qg2 22. f6 Bf8 23. Rhg1 Qh2 24. Rh1 Qg2 25. Rhg1 Qh3 26. fxg7 Bxg7 27. Ng3
Qe6 28. Nf5 Rd7 29. h5 d5 30. Nxg7 Kxg7 31. Rf6 Qh3 32. Qf2 Rc4 33. g6 fxg6 34.
hxg6 Rg4 35. Rf7+ Kh6 36. Rf6 hxg6 37. Rxg6+ Kxg6 0-1

[Event "British Chess Championship 2010"]
[Site "Canterbury ENG"]
[Date "2010.07.27"]
[Round "2.14"]
[White "Dorrington, Chris J"]
[Black "Freeman, Richard C P"]
[Result "1-0"]
[WhiteElo "2255"]
[BlackElo "2056"]
[PlyCount "93"]
[EventDate "2010.07.27"]
[EventType "swiss"]
[EventRounds "11"]
[EventCountry "ENG"]
[Source "lmi"]
[SourceDate "2010.07.25"]

1. d4 g6 2. e4 d6 3. Nf3 Bg7 4. Nc3 Nf6 5. Be2 O-O 6. O-O c6 7. Re1 Qc7 8. a4
a5 9. e5 Ne8 10. Bf4 Bg4 11. h3 Bxf3 12. Bxf3 Nd7 13. Bg5 f6 14. exf6 Ndxf6 15.
Qd2 Qd7 16. Rab1 d5 17. Bh6 Nd6 18. Bxg7 Kxg7 19. g3 Rf7 20. Bg2 Raf8 21. b3
Nfe4 22. Nxe4 Nxe4 23. Bxe4 dxe4 24. Rxe4 Rxf2 25. Qxf2 Rxf2 26. Kxf2 Qf5+ 27.
Ke3 Qg5+ 28. Ke2 Qxg3 29. Rxe7+ Kh6 30. Re3 Qd6 31. Rd1 Qb4 32. c4 Qd6 33. Rd2
Qh2+ 34. Kd3 Qh1 35. Kc2 Qa1 36. d5 cxd5 37. cxd5 Qa2+ 38. Kd1 Qb1+ 39. Ke2 Qf5
40. d6 Qh5+ 41. Ke1 Qh4+ 42. Kd1 Qh5+ 43. Kc2 Qc5+ 44. Rc3 Qf5+ 45. Kb2 Qf4 46.
Rcc2 b5 47. d7 1-0

[Event "British Chess Championship 2010"]
[Site "Canterbury ENG"]
[Date "2010.07.27"]
[Round "2.15"]
[White "Snape, Ian L"]
[Black "Mackle, Dominic"]
[Result "1/2-1/2"]
[WhiteElo "2233"]
[BlackElo "2021"]
[PlyCount "129"]
[EventDate "2010.07.27"]
[EventType "swiss"]
[EventRounds "11"]
[EventCountry "ENG"]
[Source "lmi"]
[SourceDate "2010.07.25"]

1. c4 e5 2. Nc3 Bb4 3. Nd5 Be7 4. d4 d6 5. e4 Nf6 6. Nxf6+ Bxf6 7. d5 a5 8. Bd3
O-O 9. Ne2 Nd7 10. Ng3 Nc5 11. Bc2 Bg5 12. h4 Bf4 13. Nf5 Bxf5 14. exf5 Qf6 15.
Qg4 Bxc1 16. Rxc1 e4 17. O-O Rfe8 18. b3 Re5 19. f3 Rxf5 20. fxe4 Rxf1+ 21.
Rxf1 Qd4+ 22. Kh1 Re8 23. Qh5 g6 24. Qf3 Re7 25. h5 Nxe4 26. hxg6 hxg6 27. Bxe4
Qxe4 28. Qf6 Qe5 29. Qf2 f5 30. Kg1 Rh7 31. Qf4 Qxf4 32. Rxf4 Kf7 33. Rf2 Rh4
34. Rc2 b6 35. Kf2 Re4 36. Rc3 Kf6 37. Rh3 Re7 38. Rh8 a4 39. Rf8+ Kg5 40. Kf3
axb3 41. axb3 Re1 42. Rf7 Rb1 43. Rxc7 Rxb3+ 44. Kf2 b5 45. Rc6 bxc4 46. Rxd6
Rb2+ 47. Kf3 Rb3+ 48. Kf2 Rd3 49. Rc6 c3 50. Ke2 Rd2+ 51. Kf3 c2 52. g3 Rxd5
53. Rxc2 Rd3+ 54. Kg2 Kh5 55. Rc5 Ra3 56. Rb5 g5 57. Rxf5 Kg4 58. Rf2 Rxg3+ 59.
Kh2 Rf3 60. Ra2 Kh4 61. Kg2 Rc3 62. Ra4+ g4 63. Ra2 Rb3 64. Rc2 Rg3+ 65. Kh2
1/2-1/2

[Event "British Chess Championship 2010"]
[Site "Canterbury ENG"]
[Date "2010.07.27"]
[Round "2.16"]
[White "Cumbers, Paul"]
[Black "Bucher, Grant W"]
[Result "1-0"]
[WhiteElo "2218"]
[BlackElo "2012"]
[PlyCount "95"]
[EventDate "2010.07.27"]
[EventType "swiss"]
[EventRounds "11"]
[EventCountry "ENG"]
[Source "lmi"]
[SourceDate "2010.07.25"]

1. d4 Nf6 2. c4 g6 3. Nc3 d5 4. Nf3 Bg7 5. Qb3 dxc4 6. Qxc4 O-O 7. e4 Na6 8.
Be2 c5 9. d5 e6 10. Bg5 h6 11. Bxf6 Bxf6 12. e5 exd5 13. Nxd5 Bg7 14. O-O-O Qa5
15. Ne7+ Kh8 16. Nxc8 Raxc8 17. Kb1 Rcd8 18. Rxd8 Qxd8 19. Bd3 Qe7 20. Re1 Nc7
21. h4 b5 22. Qe4 c4 23. Bc2 f5 24. Qc6 Kh7 25. g4 Ne6 26. gxf5 gxf5 27. Rd1
Nf4 28. Bxf5+ Rxf5 29. Qe4 Kh8 30. Qxf5 Nd3 31. Rxd3 cxd3 32. Qxd3 Qb4 33. a3
Qf4 34. Qe2 Qf5+ 35. Ka1 Qf8 36. Nd4 b4 37. Ne6 Qc8 38. Nxg7 b3 39. Kb1 Kxg7
40. Qd3 Qb7 41. Kc1 Qh1+ 42. Kd2 Qxh4 43. Qg3+ Qg5+ 44. Qxg5+ hxg5 45. Kc3 Kf7
46. Kd4 Ke6 47. Ke4 a6 48. a4 1-0

[Event "British Chess Championship 2010"]
[Site "Canterbury ENG"]
[Date "2010.07.27"]
[Round "2.17"]
[White "Shaw, Peter"]
[Black "Messam-Sparks, Lateefah"]
[Result "1-0"]
[WhiteElo "2173"]
[BlackElo "1904"]
[PlyCount "59"]
[EventDate "2010.07.27"]
[EventType "swiss"]
[EventRounds "11"]
[EventCountry "ENG"]
[Source "lmi"]
[SourceDate "2010.07.25"]

1. d4 Nf6 2. c4 c5 3. d5 e6 4. Nc3 exd5 5. cxd5 d6 6. Nf3 g6 7. Bf4 a6 8. e4
Bg7 9. Qa4+ Ke7 10. e5 dxe5 11. d6+ Qxd6 12. Bxe5 Qc6 13. Rd1 b5 14. Qf4 Nbd7
15. Bd6+ Kd8 16. Ng5 Re8+ 17. Be2 Bb7 18. Nxf7+ Kc8 19. f3 Nh5 20. Qd2 Bd4 21.
Kf1 b4 22. Ne4 Ndf6 23. Nxf6 Nxf6 24. Be5 Bxe5 25. Nxe5 Qe6 26. Nc4 Kc7 27.
Qf4+ Kc8 28. Nd6+ Kd7 29. Nxb7+ Ke7 30. Qd6+ 1-0

[Event "British Chess Championship 2010"]
[Site "Canterbury ENG"]
[Date "2010.07.27"]
[Round "2.18"]
[White "Baker, Chris W"]
[Black "Padilla Cabero, Pablo"]
[Result "1-0"]
[WhiteElo "2307"]
[BlackElo "2149"]
[PlyCount "83"]
[EventDate "2010.07.27"]
[EventType "swiss"]
[EventRounds "11"]
[EventCountry "ENG"]
[Source "lmi"]
[SourceDate "2010.07.25"]

1. e4 Nf6 2. Nc3 e5 3. Nf3 d6 4. d4 exd4 5. Nxd4 Be7 6. Bf4 O-O 7. Qd2 Nc6 8.
O-O-O Nxd4 9. Qxd4 Be6 10. Be2 a6 11. h4 Qb8 12. g4 Qa7 13. Qxa7 Rxa7 14. g5
Nd7 15. Nd5 Bd8 16. Rhg1 Kh8 17. h5 Ne5 18. Be3 c5 19. f4 Nc6 20. f5 Bc8 21. f6
b6 22. Bf4 Ne5 23. fxg7+ Kxg7 24. h6+ Kh8 25. Ne3 Re8 26. Nf5 Ng6 27. Bd2 Bxf5
28. exf5 Rxe2 29. fxg6 d5 30. Rde1 Re4 31. Rxe4 dxe4 32. Rd1 Kg8 33. Bf4 Be7
34. g7 f6 35. gxf6 Bxf6 36. Rd6 Be7 37. Rxb6 Ra8 38. Kd2 Kf7 39. Ke3 Re8 40.
Rxa6 Bf6 41. c3 Kg6 42. Rc6 1-0

[Event "British Chess Championship 2010"]
[Site "Canterbury ENG"]
[Date "2010.07.27"]
[Round "2.19"]
[White "Salimbeni, George P W"]
[Black "Mason, Donald J"]
[Result "1/2-1/2"]
[WhiteElo "2164"]
[BlackElo "2219"]
[PlyCount "50"]
[EventDate "2010.07.27"]
[EventType "swiss"]
[EventRounds "11"]
[EventCountry "ENG"]
[Source "lmi"]
[SourceDate "2010.07.25"]

1. e4 c5 2. c3 Nf6 3. e5 Nd5 4. d4 cxd4 5. Nf3 Nc6 6. Bc4 Nb6 7. Bb3 d5 8. exd6
Qxd6 9. O-O Be6 10. Na3 dxc3 11. Qe2 Bxb3 12. Nb5 Qb8 13. axb3 e5 14. Nbd4 f6
15. Nxc6 bxc6 16. Nh4 Qc7 17. bxc3 g6 18. f4 Bc5+ 19. Kh1 O-O 20. fxe5 fxe5 21.
Bh6 Rxf1+ 22. Rxf1 Bf8 23. Bxf8 Rxf8 24. Rxf8+ Kxf8 25. Nf3 Kg7 1/2-1/2

[Event "British Chess Championship 2010"]
[Site "Canterbury ENG"]
[Date "2010.07.27"]
[Round "2.20"]
[White "Bates, Richard A"]
[Black "Helbig, Paul D"]
[Result "1-0"]
[WhiteElo "2382"]
[BlackElo "2160"]
[PlyCount "79"]
[EventDate "2010.07.27"]
[EventType "swiss"]
[EventRounds "11"]
[EventCountry "ENG"]
[Source "lmi"]
[SourceDate "2010.07.25"]

1. d4 Nf6 2. Nf3 g6 3. g3 Bg7 4. Bg2 O-O 5. O-O d6 6. c4 Nc6 7. Nc3 e5 8. d5
Ne7 9. e4 Ne8 10. Bd2 f5 11. Ng5 h6 12. Ne6 Bxe6 13. dxe6 c6 14. h4 Nc7 15. h5
g5 16. Qb3 Kh8 17. c5 dxc5 18. Be3 b6 19. exf5 Nxf5 20. Bxc6 Nd4 21. Bxd4 exd4
22. Rae1 Qe7 23. Nd5 Nxd5 24. Bxa8 Rxa8 25. Qxd5 Rd8 26. Qb3 d3 27. Re4 Bd4 28.
Kg2 d2 29. Rd1 Bf6 30. Qe3 Bxb2 31. Rxd2 Bd4 32. Qf3 Rf8 33. Qg4 Rf6 34. Ree2
Qb7+ 35. f3 Qe7 36. Qe4 Kg7 37. Qd5 Rf8 38. a4 a5 39. Qc6 g4 40. f4 1-0

[Event "British Chess Championship 2010"]
[Site "Canterbury ENG"]
[Date "2010.07.27"]
[Round "2.21"]
[White "Almond, Richard J"]
[Black "Arkell, Keith C"]
[Result "1/2-1/2"]
[WhiteElo "2148"]
[BlackElo "2465"]
[PlyCount "199"]
[EventDate "2010.07.27"]
[EventType "swiss"]
[EventRounds "11"]
[EventCountry "ENG"]
[Source "lmi"]
[SourceDate "2010.07.25"]

1. d4 Nf6 2. c4 e6 3. Nc3 Bb4 4. Qc2 c5 5. dxc5 Na6 6. a3 Qa5 7. Bd2 Nxc5 8.
Rd1 Bxc3 9. Bxc3 Qa4 10. Qxa4 Nxa4 11. Be5 Ng4 12. Bd4 e5 13. h3 exd4 14. hxg4
Nxb2 15. Rxd4 b6 16. Rh3 Na4 17. Re3+ Kf8 18. Nf3 Nc5 19. g3 Ne6 20. Rd1 Ke7
21. Ne5 f6 22. Bg2 Rb8 23. Nd3 Re8 24. Bd5 Kf8 25. Nb4 Nc7 26. Rxe8+ Kxe8 27.
Be4 h6 28. Bf5 Ke7 29. Nd5+ Nxd5 30. Rxd5 d6 31. Bxc8 Rxc8 32. Rd4 Rc5 33. Kd2
Ra5 34. Rd3 Ra4 35. Rc3 Kd7 36. Kc2 Ra5 37. f4 d5 38. cxd5 Rxd5 39. Kb3 Rb5+
40. Ka2 Kd6 41. e4 h5 42. gxh5 Rxh5 43. Kb3 Rb5+ 44. Ka2 Rc5 45. Rd3+ Ke6 46.
Kb3 Rc1 47. Re3 g5 48. e5 f5 49. Rd3 Rf1 50. Rd6+ Ke7 51. Rf6 gxf4 52. Rxf5 f3
53. Rf6 b5 54. g4 a5 55. g5 f2 56. Kb2 Rg1 57. Rxf2 Rxg5 58. Rf6 Rxe5 59. Ra6
Re2+ 60. Kc3 Re3+ 61. Kb2 a4 62. Rb6 Rb3+ 63. Ka2 Kd7 64. Rh6 Rd3 65. Rb6 Rd2+
66. Kb1 Rd5 67. Kb2 Kc7 68. Rh6 Rd3 69. Rg6 Rb3+ 70. Ka2 Re3 71. Kb2 Re2+ 72.
Kb1 Rd2 73. Rh6 Rd6 74. Rh3 Kc6 75. Kc2 Rg6 76. Kc3 Rg2 77. Kd4 Kb6 78. Kc3 Ra2
79. Kd4 Ka5 80. Rg3 Rb2 81. Rh3 Rc2 82. Rg3 Rc4+ 83. Kd3 Rc6 84. Kd4 Kb6 85.
Rh3 b4 86. axb4 Kb5 87. Rh8 Kxb4 88. Rb8+ Ka3 89. Kd3 Ka2 90. Kd2 Rc4 91. Rb7
Rh4 92. Kc2 Rh2+ 93. Kc1 Rh3 94. Ra7 Rc3+ 95. Kd2 Rc4 96. Rb7 Rc8 97. Ra7 Ka3
98. Rb7 Ka2 99. Ra7 Rc4 100. Rb7 1/2-1/2

[Event "British Chess Championship 2010"]
[Site "Canterbury ENG"]
[Date "2010.07.27"]
[Round "2.22"]
[White "McMichael, Richard J"]
[Black "Williams, Peter A"]
[Result "1/2-1/2"]
[WhiteElo "2287"]
[BlackElo "2145"]
[PlyCount "67"]
[EventDate "2010.07.27"]
[EventType "swiss"]
[EventRounds "11"]
[EventCountry "ENG"]
[Source "lmi"]
[SourceDate "2010.07.25"]

1. Nf3 d5 2. b3 c5 3. Bb2 Nf6 4. e3 e6 5. Ne5 Nbd7 6. f4 Bd6 7. Be2 O-O 8. O-O
Qc7 9. d4 Ne4 10. Nd2 Nxd2 11. Qxd2 f6 12. Nxd7 Bxd7 13. c4 Bc6 14. dxc5 Bxc5
15. b4 Be7 16. b5 Be8 17. cxd5 Rd8 18. Rac1 Qd6 19. e4 exd5 20. e5 fxe5 21.
fxe5 Qe6 22. Bd4 Rxf1+ 23. Rxf1 Bg6 24. Bf3 Be4 25. Qe2 Bxf3 26. Rxf3 b6 27.
Rc3 Rc8 28. Qc2 Rxc3 29. Qxc3 Qf5 30. h3 h6 31. a4 Qe4 32. e6 Qxe6 33. Bxg7
Bc5+ 34. Kh1 1/2-1/2

[Event "British Chess Championship 2010"]
[Site "Canterbury ENG"]
[Date "2010.07.27"]
[Round "2.23"]
[White "Jackson, James P"]
[Black "Eames, Robert S"]
[Result "1-0"]
[WhiteElo "2135"]
[BlackElo "2287"]
[PlyCount "61"]
[EventDate "2010.07.27"]
[EventType "swiss"]
[EventRounds "11"]
[EventCountry "ENG"]
[Source "lmi"]
[SourceDate "2010.07.25"]

1. e4 c5 2. Nf3 Nc6 3. d4 cxd4 4. Nxd4 Nf6 5. Nc3 e5 6. Ndb5 d6 7. Bg5 a6 8.
Na3 b5 9. Nd5 Be7 10. Bxf6 Bxf6 11. c3 O-O 12. Nc2 Rb8 13. a4 bxa4 14. Ncb4
Nxb4 15. Nxb4 Bb7 16. Bxa6 Bxe4 17. O-O Qb6 18. Rxa4 Rfd8 19. Bc4 d5 20. Nxd5
Bxd5 21. Bxd5 Qc5 22. c4 Rxb2 23. Qf3 Rdb8 24. g3 Rd2 25. Rfa1 e4 26. Qf4 Rdb2
27. Ra8 Qf8 28. R1a7 Kh8 29. Qxe4 h5 30. Qf5 Qg8 31. Be4 1-0

[Event "British Chess Championship 2010"]
[Site "Canterbury ENG"]
[Date "2010.07.27"]
[Round "2.25"]
[White "Spence, David J"]
[Black "Galliano, Alexander"]
[Result "0-1"]
[WhiteElo "2244"]
[BlackElo "2085"]
[PlyCount "56"]
[EventDate "2010.07.27"]
[EventType "swiss"]
[EventRounds "11"]
[EventCountry "ENG"]
[Source "lmi"]
[SourceDate "2010.07.25"]

1. e4 c5 2. c3 Nf6 3. e5 Nd5 4. d4 cxd4 5. cxd4 d6 6. Nf3 Nc6 7. Bc4 Nb6 8. Bb3
dxe5 9. d5 Na5 10. Nc3 f6 11. Be3 g6 12. Bc5 Bd7 13. O-O Bg7 14. Re1 Rc8 15.
Bb4 Nac4 16. Qe2 a5 17. Bxa5 Nxa5 18. Bc2 Nac4 19. Nh4 f5 20. g4 O-O 21. gxf5
gxf5 22. Kh1 e6 23. dxe6 Bxe6 24. Nf3 Nxb2 25. Rg1 Rxc3 26. Qxe5 Qf6 27. Rxg7+
Kxg7 28. Rg1+ Kh8 0-1

[Event "British Chess Championship 2010"]
[Site "Canterbury ENG"]
[Date "2010.07.27"]
[Round "2.26"]
[White "Ledger, Dave J"]
[Black "Grant, David J"]
[Result "1/2-1/2"]
[WhiteElo "2233"]
[BlackElo "2082"]
[PlyCount "62"]
[EventDate "2010.07.27"]
[EventType "swiss"]
[EventRounds "11"]
[EventCountry "ENG"]
[Source "lmi"]
[SourceDate "2010.07.25"]

1. e4 c5 2. Nf3 d6 3. d4 cxd4 4. Nxd4 Nf6 5. Nc3 a6 6. f3 e6 7. Bg5 Qb6 8. Nb3
Nbd7 9. Qd2 Be7 10. O-O-O Qc7 11. a4 Nc5 12. Kb1 Bd7 13. Nxc5 Qxc5 14. Be3 Qa5
15. Qd4 O-O 16. g4 Rfc8 17. g5 Ne8 18. h4 b5 19. Bd3 bxa4 20. e5 a3 21. Qe4 g6
22. h5 axb2 23. Na2 Qxe5 24. hxg6 fxg6 25. Bd4 Qxe4 26. Bxe4 Bc6 27. Bxg6 hxg6
28. Rh8+ Kf7 29. Rh7+ Kf8 30. Rh8+ Kf7 31. Rh7+ Kf8 1/2-1/2

[Event "British Chess Championship 2010"]
[Site "Canterbury ENG"]
[Date "2010.07.27"]
[Round "2.27"]
[White "Ynojosa-Aponte, Felix Jose"]
[Black "Makepeace, Philip J"]
[Result "0-1"]
[WhiteElo "2224"]
[BlackElo "2074"]
[PlyCount "108"]
[EventDate "2010.07.27"]
[EventType "swiss"]
[EventRounds "11"]
[EventCountry "ENG"]
[Source "lmi"]
[SourceDate "2010.07.25"]

1. e4 c6 2. c4 d5 3. cxd5 cxd5 4. exd5 Nf6 5. Bb5+ Bd7 6. Bc4 Qc7 7. Qb3 b5 8.
Bxb5 Qxc1+ 9. Ke2 Bxb5+ 10. Qxb5+ Nbd7 11. b3 g6 12. Qc4 Qxc4+ 13. bxc4 Nh5 14.
Na3 Nf4+ 15. Kf3 g5 16. d4 e5 17. Nb5 Rc8 18. g3 Nd3 19. Ke2 e4 20. c5 a6 21.
Nc3 f5 22. f3 Bg7 23. fxe4 Nf2 24. Kxf2 Bxd4+ 25. Kg2 Bxc3 26. Rc1 Rxc5 27.
exf5 O-O 28. Ne2 Be5 29. Rxc5 Nxc5 30. g4 Rb8 31. Rc1 Ne4 32. Rc2 Nf6 33. Rc6
Rb2 34. Kf3 Rxa2 35. d6 Ra3+ 36. Kg2 Re3 37. Ng1 a5 38. Nf3 Bf4 39. Ra6 Re2+
40. Kf1 Ra2 41. Nd4 Rd2 42. Ra8+ Kg7 43. Ne6+ Kh6 44. d7 Rxd7 45. Rxa5 Nxg4 46.
h4 Nh2+ 47. Ke2 Rd2+ 48. Ke1 Nf3+ 49. Kf1 Be3 50. hxg5+ Kh5 51. Nf4+ Bxf4 52.
Ra3 Kg4 53. g6 Bg3 54. g7 Rf2# 0-1

[Event "British Chess Championship 2010"]
[Site "Canterbury ENG"]
[Date "2010.07.27"]
[Round "2.28"]
[White "Senior, Gary"]
[Black "Griffiths, Ryan Rhys"]
[Result "0-1"]
[WhiteElo "2069"]
[BlackElo "2249"]
[PlyCount "94"]
[EventDate "2010.07.27"]
[EventType "swiss"]
[EventRounds "11"]
[EventCountry "ENG"]
[Source "lmi"]
[SourceDate "2010.07.25"]

1. e4 c5 2. d3 Nc6 3. f4 d5 4. Nf3 Nf6 5. e5 Ng8 6. Be3 Bg4 7. h3 Bxf3 8. Qxf3
e6 9. Qf2 h5 10. g3 Nh6 11. Bg2 Nf5 12. c3 d4 13. Bxc6+ bxc6 14. Qf3 Qd5 15.
Qxd5 cxd5 16. Bf2 Rb8 17. b3 g5 18. Ke2 gxf4 19. gxf4 Bh6 20. Kf3 Kd7 21. cxd4
cxd4 22. Na3 Rhc8 23. Rac1 Bf8 24. Nb1 a5 25. Rhd1 Bb4 26. Ke2 Be7 27. Nd2 Ba3
28. Rxc8 Rxc8 29. Nf3 Bb4 30. Nxd4 Nxd4+ 31. Bxd4 Rc2+ 32. Kf3 Rxa2 33. Rc1 Rd2
34. Bb6 Rxd3+ 35. Ke2 Rxb3 36. Rc7+ Ke8 37. Rc8+ Ke7 38. h4 a4 39. Ra8 a3 40.
Ra7+ Kf8 41. f5 exf5 42. Bd4 Bc3 43. Bc5+ Kg8 44. Ra8+ Kg7 45. Bf8+ Kh7 46.
Bxa3 Bxe5 47. Ra5 f6 0-1

[Event "British Chess Championship 2010"]
[Site "Canterbury ENG"]
[Date "2010.07.27"]
[Round "2.29"]
[White "Anderson, John"]
[Black "Jameson, David"]
[Result "1-0"]
[WhiteElo "2208"]
[BlackElo "2047"]
[PlyCount "145"]
[EventDate "2010.07.27"]
[EventType "swiss"]
[EventRounds "11"]
[EventCountry "ENG"]
[Source "lmi"]
[SourceDate "2010.07.25"]

1. e4 e5 2. Nf3 Nc6 3. Bb5 a6 4. Bxc6 dxc6 5. O-O f6 6. d4 exd4 7. Nxd4 c5 8.
Nb3 Qxd1 9. Rxd1 Bd7 10. Bf4 O-O-O 11. Nc3 Be6 12. Rxd8+ Kxd8 13. Rd1+ Kc8 14.
Nd5 Bxd5 15. Rxd5 b6 16. Rd1 Ne7 17. Nc1 Ng6 18. Bg3 Be7 19. Ne2 Rd8 20. Rxd8+
Kxd8 21. c4 Kd7 22. b3 Nf8 23. f4 Ne6 24. Bf2 Bd6 25. g3 Nd8 26. Be1 Nc6 27.
Bc3 Ke6 28. Kf2 Ke7 29. Ke3 Ke6 30. h4 Ke7 31. g4 g6 32. g5 fxg5 33. hxg5 Ke6
34. Ng1 Nd4 35. Nh3 Nc6 36. Nf2 Nd4 37. Nh3 Nc6 38. Bb2 Nb4 39. a3 Nc6 40. Kd3
Na5 41. Kc2 Nc6 42. a4 Nb4+ 43. Kd2 Nc6 44. Bc3 Nd4 45. Bxd4 cxd4 46. Kd3 c5
47. e5 Bc7 48. Ke4 a5 49. Nf2 Bd8 50. Kf3 Kf5 51. Ne4 Be7 52. Ng3+ Ke6 53. Kg4
Bf8 54. Kf3 Be7 55. Ke4 Bf8 56. Nf1 Be7 57. Nh2 Bf8 58. Ng4 Bg7 59. Nh2 Bf8 60.
Nf3 Bg7 61. Nd2 Bf8 62. Nb1 Bg7 63. Na3 h6 64. gxh6 Bxh6 65. Nb1 Kd7 66. Nd2
Ke6 67. Nf3 Kd7 68. Nh4 g5 69. Nf5 Bf8 70. fxg5 Ke6 71. g6 d3 72. g7 Bxg7 73.
Nxg7+ 1-0

[Event "British Chess Championship 2010"]
[Site "Canterbury ENG"]
[Date "2010.07.27"]
[Round "2.30"]
[White "Pleasants, Allan J"]
[Black "Maciol, Ryszard"]
[Result "1-0"]
[WhiteElo "2032"]
[BlackElo "2239"]
[PlyCount "66"]
[EventDate "2010.07.27"]
[EventType "swiss"]
[EventRounds "11"]
[EventCountry "ENG"]
[Source "lmi"]
[SourceDate "2010.07.25"]

1. Nf3 d5 2. c4 d4 3. g3 Nc6 4. Bg2 Nf6 5. O-O e5 6. d3 Be7 7. b4 e4 8. dxe4
Bxb4 9. Bb2 Be6 10. Qb3 O-O 11. a3 Be7 12. Nbd2 Na5 13. Qd3 c5 14. Ng5 Qd7 15.
h3 Rfd8 16. f4 Ne8 17. Nxe6 Qxe6 18. e5 b5 19. Rac1 bxc4 20. Nxc4 Nxc4 21. Rxc4
Rab8 22. Bc1 f5 23. g4 g6 24. gxf5 gxf5 25. Kh2 Kh8 26. Rg1 Ng7 27. Bf3 Rb6 28.
Ra4 Rb3 29. Qa6 Qf7 30. Qc6 d3 31. exd3 Rdxd3 32. Qc8+ Bf8 33. Rxa7 Qe8 1-0

[Event "British Chess Championship 2010"]
[Site "Canterbury ENG"]
[Date "2010.07.27"]
[Round "2.31"]
[White "Sugden, John N"]
[Black "Krzyzanowski, Patryk"]
[Result "1-0"]
[WhiteElo "2199"]
[BlackElo "2030"]
[PlyCount "81"]
[EventDate "2010.07.27"]
[EventType "swiss"]
[EventRounds "11"]
[EventCountry "ENG"]
[Source "lmi"]
[SourceDate "2010.07.25"]

1. e4 c5 2. Nc3 g6 3. g3 Bg7 4. Bg2 d6 5. d3 Nc6 6. f4 Nf6 7. Nf3 Bg4 8. h3
Bxf3 9. Qxf3 Nd4 10. Qf2 b5 11. O-O b4 12. Nd1 Nd7 13. c3 bxc3 14. bxc3 Nb5 15.
e5 Rb8 16. d4 O-O 17. a4 Nxc3 18. Nxc3 cxd4 19. Nb5 dxe5 20. Nxa7 exf4 21. Nc6
fxg3 22. Qxg3 Qb6 23. Nxb8 Nxb8 24. a5 Qa7 25. Kh1 e5 26. Qf3 f5 27. Qb7 Qa6
28. Qxa6 Nxa6 29. Bd5+ Kh8 30. Bb7 Rf6 31. Bg5 Rd6 32. Bxa6 Rxa6 33. Rfb1 h6
34. Bc1 e4 35. Rb6 Ra7 36. a6 d3 37. Ra2 Bd4 38. Rb7 e3 39. Rxa7 Bxa7 40. Bxe3
Bxe3 41. a7 1-0

[Event "British Chess Championship 2010"]
[Site "Canterbury ENG"]
[Date "2010.07.27"]
[Round "2.32"]
[White "Cumming, Rhys"]
[Black "Addison, Bret C"]
[Result "1/2-1/2"]
[WhiteElo "1986"]
[BlackElo "2235"]
[PlyCount "27"]
[EventDate "2010.07.27"]
[EventType "swiss"]
[EventRounds "11"]
[EventCountry "ENG"]
[Source "lmi"]
[SourceDate "2010.07.25"]

1. e4 e5 2. Nf3 Nc6 3. d4 exd4 4. Nxd4 Nf6 5. Nxc6 bxc6 6. e5 Qe7 7. Qe2 Nd5 8.
c4 Ba6 9. b3 O-O-O 10. Qe4 Nf6 11. Qe2 Nd5 12. Qe4 Nf6 13. Qe2 Nd5 14. Qe4
1/2-1/2

[Event "British Chess Championship 2010"]
[Site "Canterbury ENG"]
[Date "2010.07.27"]
[Round "2.33"]
[White "Dines, Sheila J"]
[Black "Vrubl, Jaroslav"]
[Result "0-1"]
[WhiteElo "1931"]
[BlackElo "2210"]
[PlyCount "52"]
[EventDate "2010.07.27"]
[EventType "swiss"]
[EventRounds "11"]
[EventCountry "ENG"]
[Source "lmi"]
[SourceDate "2010.07.25"]

1. e4 e5 2. Nf3 Nc6 3. d4 exd4 4. Nxd4 Nf6 5. Nxc6 bxc6 6. e5 Qe7 7. Qe2 Nd5 8.
c4 Ba6 9. b3 f6 10. Bb2 fxe5 11. Qh5+ g6 12. Qxe5 Nf6 13. Be2 Qxe5 14. Bxe5 Bg7
15. Nd2 O-O 16. f4 Rae8 17. g3 Re7 18. Kf2 d6 19. Bb2 Ne4+ 20. Nxe4 Bxb2 21.
Rab1 Bd4+ 22. Kf3 d5 23. Nd2 Re3+ 24. Kf2 Rfe8 25. Bf3 Re2+ 26. Kf1 Rf2+ 0-1